Memoria de la Cuarta Reunión Nacional de Estadística, 1958. (Record no. 100945)
[ view plain ]
| 000 -CABECERA | |
|---|---|
| campo de control de longitud fija | 00688nam a2200181 a 4500 |
| 005 - FECHA Y HORA DE LA ÚLTIMA TRANSACCIÓN | |
| campo de control | 20210223125115.0 |
| 008 - ELEMENTOS DE LONGITUD FIJA--INFORMACIÓN GENERAL | |
| campo de control de longitud fija | 030911s2000 mx r 000 0 spa d |
| 035 ## - NÚMERO DE CONTROL DEL SISTEMA | |
| Número de control de sistema | UPN01000128768 |
| 049 ## - COLECCIÓN | |
| Colección | CG |
| 050 #4 - SIGNATURA TOPOGRÁFICA DE LA BIBLIOTECA DEL CONGRESO | |
| Número de clasificación | HA1 M6 |
| Número de documento/Ítem | R4.4 1958 |
| 111 2# - ASIENTO PRINCIPAL--NOMBRE DE REUNION | |
| Nombre de congreso/reunión o jurisdicción como elemento de entrada | Reunión Nacional de Estadística (4a. : 1958 : México) |
| 245 #0 - MENCIÓN DE TÍTULO | |
| Título | Memoria de la Cuarta Reunión Nacional de Estadística, 1958. |
| 300 ## - DESCRIPCIÓN FÍSICA | |
| Extensión | 466 p. /5/ h. |
| Material acompañante/anejo | pleg. : 14 p. il. |
| 500 ## - NOTA GENERAL | |
| Nota general | A la cabeza de la portada : Estados Unidos Mexicanos. Secretaría de Economía. Dirección General de Estadística. |
| 650 #4 - ASIENTO SECUNDARIO DE MATERIA - TERMINO TEMATICO | |
| Término de materia o nombre geográfico como elemento de entrada | ESTADISTICA - |
| Subdivisión de forma | CONGRESOS |
| 9 (RLIN) | 21668 |
| 710 2# - ASIENTO SECUNDARIO - NOMBRE CORPORATIVO | |
| Nombre de entidad corporativa o nombre de jurisdicción como elemento de entrada | Sociedad Mexicana de Geografía y Estadística |
| 905 ## - TIPO DE MATERIAL | |
| Tipo de material | Libro |
| Estado de retiro | Estado de pérdida | Fuente del sistema de clasificación o colocación | Estado dañado | No para préstamo | Código de colección | Localización permanente | Ubicación/localización actual | Ubicación en estantería | Total de préstamos | Clasificación | Código de barras | Fecha visto por última vez | Número de copia | Tipo de ítem Koha |
|---|---|---|---|---|---|---|---|---|---|---|---|---|---|---|
| Library of Congress Classification | Colección General | Bib. Gregorio Torres Quintero | Bib. Gregorio Torres Quintero | Planta baja | HA1 M6 R4.4 1958 | 44182 | 31/12/2020 | 1 | Libro |
